000 00352 a2200145 4500
999 _c6338
_d6338
020 _a9780552548687
050 _aPR9346FIN2002
100 _aFine, Anne
_eauthor
245 _aA shame to miss. 2 /
_cAnne Fine
264 _aLondon :
_bCorgi,
_c2002
300 _a153p. :
500 _aincludes index
650 _anovel
942 _2lcc
_cBK
_h9346
_iFIN
_kPR